Visualizzazione normale
Vista MARC
- Antonio Piolanti
di Personal Name
Records bibliografici associati: 1
001 - CONTROL NUMBER
- control field: 35729
003 - CONTROL NUMBER IDENTIFIER
- control field: IT-RoPau
005 - DATE AND TIME OF LATEST TRANSACTION
- control field: 20150801222706.0
008 - FIXED-LENGTH DATA ELEMENTS
- fixed length control field: 150801|| aca||aabn | a|a d
040 ## - CATALOGING SOURCE
- Original cataloging agency: IT-RoPau
- Transcribing agency: IT-RoPau
100 ## - HEADING--PERSONAL NAME
- Personal name: Antonio Piolanti
670 ## - SOURCE DATA FOUND
- Source citation: Work cat.: (IT-RoPau)29003: Antonio Piolanti, Il corpo mistico e le sue relazioni con l’eucarestia, in S. Alberto Magno, 1939